Normal view
MARC view
- TEPPOR, IRVING,MARSHELL, SAMUEL L
Entry Personal Name
001 - CONTROL NUMBER
- control field: 57474
003 - CONTROL NUMBER IDENTIFIER
- control field: NUST
005 - DATE AND TIME OF LATEST TRANSACTION
- control field: 20210628201930.0
008 - FIXED-LENGTH DATA ELEMENTS
- fixed length control field: 210628|| aca||aabn | a|a d
040 ## - CATALOGING SOURCE
- Original cataloging agency: NUST
- Transcribing agency: NUST
100 ## - HEADING--PERSONAL NAME
- Personal name: TEPPOR, IRVING,MARSHELL, SAMUEL L
670 ## - SOURCE DATA FOUND
- Source citation: Work cat.: (NUST): TEPPOR, IRVING,MARSHELL, SAMUEL L, PRACTICAL PROJECTS IN RADIO ELECTRONICS, 1963
